00304nam a22001217a 4500020001500000040000900015082001600024100001800040110002300058245003400081260003300115650003400148 a0849311403 cNust a610.28bMOO aMooore, James aZouridakis, George aBiomedical Technology Devices aNew York:bCRC Press,c2004. aBiomedical Technology Devices